000 00530nmm a2200169Ia 4500
008 251105s9999||||xx |||||||||||||||||und||
020 _a9789587382716
041 _aspa
100 _aMaldonado Castañeda, Carlos E. (ed.)
245 0 _aDerivas de complejidad: Aplicaciones y mediciones
264 _a[Bogotá, Colombia] :
_bUniversidad del Rosario,
_c2013
300 _a347 páginas
490 _aComplejidad
650 _aSocial Sciences (General)
856 _uhttps://public.digitaliapublishing.com/a/60925
942 _cCF
999 _c95725
_d95725